00422 a2200157 4500001000700000020001800007040002200025041001600047082002300063100003200086245008700118250000900205260002900214300000800243362001300251130827 a85-224-2014-9 cLeonardo Da Vinci aPortuguês a004.1 C834ibC834i aCORNACHIONE JUNIOR, Edgar B aInformática aplicada às áreas de contabilidade, administração e economia a2.ed bAtlasc1998aSão Paulo a303 a19980000